Résumé foireux - Statistiques

Statistiques générales
  • Ce quiz a été pris 20 fois
  • Le résultat moyen est 1 sur 9
Statistiques - réponses
Hint Réponse % Correct
Magiciens kleptomanes Insaisissable
59%
Un gros charo alcoolique fait du bateau Pirates des caraïbes
41%
Brigitte Macron bouffe la mère du protagoniste L'attaque des titans
35%
La déforestation est allée trop loin Le lorax
6%
Un dyslexique TDAH qui apprend à nager Percy Jackson
6%
Tout le monde veut tuer le mollusque Assassinaition classroom
0%
Il a un trouble de la personnalité mais ses amis l'accompagnent partout dans son 3m carré Doctor Who
0%
Le safari tourne mal Jumanji
0%
Le mec à pas pris ses cachets Shutter Island
0%
Aucun quiz correspondant
Distribution des résultats
% des personnes avec chaque résultat
Percentile par nombre de réponses
Votre historique - résultats
Vous n’avez pas pris ce quiz